| 000 | 00840nam a2200205 a 4500 | ||
|---|---|---|---|
| 001 | 000002413 | ||
| 005 | 20200929150207.0 | ||
| 008 | 090702s2008 sp 001 0 spa d | ||
| 020 | _z978848938475X | ||
| 040 |
_aDO-SdBNP _bspa _cBNPHU |
||
| 082 |
_axxxx _bL471e |
||
| 245 | 0 | 3 |
_aLa lectura en España; informe 2008 : _bLeer para aprender / _ccoordinador José Antonio Millán ; presentación Antonio M. Ávila ; presentación Antonio Basanta Reyes. |
| 260 |
_aMadrid : _bFundación Germán Sánchez Ruipérez _bFederación de Gremios de Editores de España, _c2008. |
||
| 300 |
_a351 p. : _bil. ; _c23 cm. |
||
| 500 | _aIncluye índice | ||
| 504 | _aIncluye referencia bibliográficas y notas al pie de las páginas | ||
| 700 | 0 |
_aMillán, José Antonio, _ecoord. _95737 |
|
| 700 | 0 |
_aÁvila, Antonio M. _97653 |
|
| 700 | 0 |
_aBasanta Reyes _97654 |
|
| 999 |
_c2249 _d2249 |
||